| 000 | 00000nam##2200000za#4500 |
| 001 | 9.643539 |
| 003 | CaOODSP |
| 005 | 20210624224221 |
| 007 | cr ||||||||||| |
| 008 | 150407|2008||||xxc|||||o f|0| 0 fre|d |
| 040 | |aCaOODSP|bfre |
| 043 | |an-cn--- |
| 086 | 1 |aR74-14/2008F-PDF |
| 110 | 1 |aCanada.|bAffaires indiennes et du Nord. |bDivision des ressources hydriques. |
| 245 | 10|aProgramme d'échantillonnage du bassin de la rivière Peel : |h[ressource électronique]|beau et sédiments en suspension (1999-2007), Territoires du Nord-Ouest et Yukon / |c[par] Andrea Czarnecki en coopération avec le gouvernement du Yukon et le Conseil tribal de Gwich'in. |
| 260 | |aYellowknife - Territoires du Nord-Ouest : |bAffaires indiennes et du Nord. |c[2008]. |
| 300 | |a1p.|bfigures, cartes, tableaux, photographies |
| 590 | |a15-02-Supp|b2015-02-16 |
| 691 | 07|aQualité de l'eau|2gcpds |
| 775 | 08|tPeel River watershed sampling program : |w(CaOODSP)9.699504 |
| 856 | 40|ahttp://publications.gc.ca|qPDF|s291 Ko|uhttps://publications.gc.ca/collections/collection_2014/aadnc-aandc/R74-14-2008-fra.pdf |